000 00812nam a2200289 i 4500
001 000008605
003 DO-SdBNP
005 20260309094628.0
007 ta
008 260409s1988 dr a r 000 0 spa d
040 _aDO-SdBNP
_bspa
_cBNPHU
_erda
041 _aspa
082 _a658.3
_bA485a
_222
100 1 _aAmaro Guzmán, Raymundo
_d1934-2018
_eautor
_9656
245 1 0 _aAdministración de personal /
_cRaymundo Amaro Guzmán
264 _aMéxico :
_bEditorial limusa,
_c1981
300 _a351 páginas ;
_c22 cm.
336 _ardacontent
_btexto
_2txt
337 _ardamedia
_bsin mediación
_2n
338 _ardacarrier
_bvolumen
_2nc
590 _aInventariado, 2026/DG
650 4 _aAdministración de personal
_91581
650 _97604
830 _91147
910 _aDG
942 _2ddc
_cLBS1
999 _c60466
_d60466